G.F. Handels Hallelujah chorus in 4 Nigeria Languages

Сохранить в:
Библиографические подробности
Главный автор: Daramola, Yomi
Формат:
Язык:английский
Опубликовано: Obafemi Awolowo University Press Ltd 2012
Метки: Добавить метку
Нет меток, Требуется 1-ая метка записи!

MARC

LEADER 00000nam a22000007a 4500
008 210728b ||||| |||| 00| 0 eng d
020 |a 9781360577 
100 |a Daramola, Yomi 
245 |a G.F. Handels Hallelujah chorus in 4 Nigeria Languages  |c Yomi Daramola  |g vii, 30p 
260 |b Obafemi Awolowo University Press Ltd  |c 2012  |d Book  |h Nigeria  |i 695941  |i 695942  |l LA 1632 .H19  |m Education, Secondary- Nigeria 
942 |a lcc  |c BK  |e Olagoke, M.A.  |f 28/07/2021 
952 |0 0  |1 0  |2 lcc  |4 0  |7 0  |9 2902  |a HOL  |b ED  |c LP  |d 2021-07-28  |o LA 1632. .H19  |p 2021-66577  |r 2021-07-28 00:00:00  |w 2021-07-28  |y BK 
952 |0 0  |1 0  |2 lcc  |4 0  |6 LA 01632..H00019  |7 0  |9 2903  |a HOL  |b HOL  |c LP  |d 2021-07-28  |l 0  |o LA 1632. .H19  |p 2021-66578  |r 2021-07-28 00:00:00  |w 2021-07-28  |y BK 
952 |0 0  |1 0  |2 lcc  |4 0  |6 LA 01632..H00019  |7 0  |9 2904  |a HOL  |b HOL  |c LP  |d 2021-07-28  |l 0  |o LA 1632. .H19  |p 2021-66579  |r 2021-07-28 00:00:00  |w 2021-07-28  |y BK 
952 |0 0  |1 0  |2 lcc  |4 0  |7 0  |9 2905  |a HOL  |b ED  |c LP  |d 2021-07-28  |o LA 1632. .H19  |p 2021-66580  |r 2021-07-28 00:00:00  |w 2021-07-28  |y BK 
952 |0 0  |1 0  |2 lcc  |4 0  |6 LA 01632..H00019  |7 0  |9 2906  |a HOL  |b HOL  |c LP  |d 2021-07-28  |l 0  |o LA 1632. .H19  |p 2021-66581  |r 2021-07-28 00:00:00  |w 2021-07-28  |y BK 
999 |c 1480  |d 1480